| 000 | 00707nam a2200205 4500 | ||
|---|---|---|---|
| 008 | 171205b xxu||||| |||| 00| 0 eng d | ||
| 020 | _a0023812206 | ||
| 082 |
_21977 _aDC 612 _bM61 |
||
| 100 |
_924220 _aKimber, Diana Clifford, author. |
||
| 245 |
_aAnatomy and physiology / _cMarjorie A. Miller, Anna B. Drakontides, Lutie C. Leavell |
||
| 250 | _aSeventeenth edition. | ||
| 260 |
_aNew York : _bMacmillan, _c©1977 |
||
| 300 |
_aviii, 656 pages : _billustration ; _c27 cm. |
||
| 500 | _aIncludes bibliographies. | ||
| 650 | 0 |
_924221 _aAnatomy |
|
| 650 | 0 |
_924222 _a Physiology |
|
| 700 |
_924223 _aDrakontides, Anna B., author. |
||
| 700 |
_924224 _aLeavell, Lutie Clemson, author. |
||
| 942 |
_2ddc _cDC |
||
| 999 |
_c7903 _d7903 |
||